Municipalities of Southeast Slovenia with a Map - Statistics

General Stats
  • This quiz has been taken 1,284 times
  • The average score is 11 of 21
Answers on the Map
Answers color-coded by a green-red scale on the quiz's map according to % correct below.
 
Answer Stats
Municipality % Correct
Novo Mesto
70%
Ribnica
69%
Kočevje
62%
Metlika
59%
Črnomelj
57%
Kostel
57%
Žužemberk
55%
Mirna
53%
Loški Potok
51%
Dolenjske Toplice
49%
Osilnica
49%
Semič
49%
Sodražica
46%
Trebnje
46%
Mirna Peč
45%
Šentjernej
43%
Šentrupert
43%
Straža
43%
Šmarješke Toplice
42%
Mokronog-Trebelno
39%
Škocjan
36%
No matching quizzes found
Score Distribution
Percent of People with Each Score
Percentile by Number Answered
Your Score History
You have not taken this quiz